[Event "87o Campeonato Brasileiro Absoluto Final Aberta"]
[Site "Cuiaba MT"]
[Date "2021.11.03"]
[Round "10"]
[Board "19"]
[White "Peixoto, Rudson Marinho"]
[Black "Limp, Eduardo Thelio"]
[Result "0-1"]
[WhiteElo "1945"]
[BlackElo "2364"]
[PlyCount "84"]
[EventDate "2021.10.28"]
[EventRounds "11"]
[EventCountry "BRA"]

1. e4 c5 2. Nf3 b6 3. Bc4 e6 4. Nc3 a6 5. a4 Bb7 6. O-O Nc6 7. Re1 Nge7 8. d4
cxd4 9. Nxd4 Nxd4 10. Qxd4 Nc6 11. Qd1 Bc5 12. Be3 d6 13. Bxc5 dxc5 14. Qh5 g6
15. Qh6 Qd4 16. Bf1 O-O-O 17. Rad1 Qf6 18. a5 b5 19. Qe3 Qe7 20. e5 Nd4 21. Bd3
Nf5 22. Qe2 Rd4 23. Be4 Rhd8 24. g3 h5 25. f4 Qc7 26. Qf3 Rxd1 27. Rxd1 Rxd1+
28. Qxd1 Qxa5 29. Bxb7+ Kxb7 30. Qd7+ Qc7 31. Qe8 Kb6 32. Ne4 c4 33. c3 Qc6 34.
Qd8+ Ka7 35. Nd6 Nxd6 36. Qe7+ Nb7 37. Qxf7 Qe4 38. Qxe6 Qb1+ 39. Kg2 Qxb2+ 40.
Kh3 Qxc3 41. Qxg6 Qd3 42. Qf6 c3  0-1

[Event "87o Campeonato Brasileiro Absoluto Final Aberta"]
[Site "Cuiaba MT"]
[Date "2021.11.03"]
[Round "10"]
[Board "20"]
[White "Do Valle Cardoso, Lucas"]
[Black "Pereira, Geanfrancesco"]
[Result "0-1"]
[WhiteElo "2285"]
[BlackElo "2023"]
[PlyCount "72"]
[EventDate "2021.10.28"]
[EventRounds "11"]
[EventCountry "BRA"]

1. e4 e5 2. Nf3 Nf6 3. Nc3 Bb4 4. Nxe5 Qe7 5. Nd3 Bxc3 6. dxc3 Nxe4 7. Be2 O-O
8. Nf4 c6 9. c4 d6 10. O-O Nf6 11. Re1 Re8 12. Be3 Nbd7 13. Qd4 Ne5 14. Rad1
Bf5 15. c3 Rad8 16. h3 h6 17. Nh5 Nxh5 18. Bxh5 c5 19. Qf4 Bc2 20. Qg3 Bxd1 21.
Bxh6 Nf3+ 22. gxf3 Qxe1+ 23. Kh2 Qe5 24. f4 Qf6 25. Bg5 Qf5 26. Bxd1 f6 27. Bh4
d5 28. Bg4 Qg6 29. cxd5 Kh8 30. Be6 Qxg3+ 31. Kxg3 Rxe6 32. dxe6 Kg8 33. Kf3
Rd2 34. Ke4 Kf8 35. f5 Rxb2 36. Bg3 b6  0-1

[Event "87o Campeonato Brasileiro Absoluto Final Aberta"]
[Site "Cuiaba MT"]
[Date "2021.11.03"]
[Round "10"]
[Board "21"]
[White "Soares, Joao Carlos T. C."]
[Black "Guimaraes, Diogo Duarte"]
[Result "0-1"]
[WhiteElo "2056"]
[BlackElo "2264"]
[PlyCount "86"]
[EventDate "2021.10.28"]
[EventRounds "11"]
[EventCountry "BRA"]

1. d4 d5 2. c4 c6 3. Nc3 Nf6 4. cxd5 cxd5 5. Nf3 Nc6 6. Bf4 Bf5 7. Rc1 a6 8.
Ne5 e6 9. Qa4 Rc8 10. e4 dxe4 11. Nxc6 bxc6 12. Bxa6 Be7 13. Bxc8 Qxc8 14. O-O
O-O 15. Nd1 Nd5 16. Bd2 Bf6 17. Ne3 Nf4 18. Nxf5 Ne2+ 19. Kh1 Nxc1 20. Nh6+
gxh6 21. Rxc1 Qd7 22. Bxh6 Rd8 23. Be3 Bxd4 24. Bxd4 Qxd4 25. Qxd4 Rxd4 26. Kg1
Rd2 27. Rb1 Kf8 28. Kf1 Ke7 29. Ke1 e3 30. fxe3 Rxg2 31. Rc1 Rxb2 32. a4 Kd6
33. h4 Rb4 34. Ra1 Rxh4 35. Ke2 Rb4 36. a5 Rb7 37. Rd1+ Kc5 38. Rc1+ Kd6 39.
Rd1+ Kc7 40. Rh1 Ra7 41. Rxh7 Kd6 42. Kd3 e5 43. Ke4 f5+  0-1

[Event "87o Campeonato Brasileiro Absoluto Final Aberta"]
[Site "Cuiaba MT"]
[Date "2021.11.03"]
[Round "10"]
[Board "22"]
[White "Alves Campelo, Danilo Cesar De L"]
[Black "Jordao Barbosa, Marcio"]
[Result "0-1"]
[WhiteElo "2017"]
[BlackElo "2183"]
[PlyCount "52"]
[EventDate "2021.10.28"]
[EventRounds "11"]
[EventCountry "BRA"]

1. e4 e5 2. Nf3 Nc6 3. Bb5 Nge7 4. Nc3 Ng6 5. d4 exd4 6. Nxd4 Nxd4 7. Qxd4 c6
8. Be2 Qb6 9. Qxb6 axb6 10. Be3 b5 11. O-O Be7 12. f4 d6 13. Nb1 f5 14. Nd2
fxe4 15. Nxe4 d5 16. Nc5 O-O 17. g3 Bf6 18. c3 Re8 19. Kf2 Ne7 20. g4 Bh4+ 21.
Kf3 Ng6 22. h3 b6 23. Nd3 c5 24. f5 d4 25. fxg6 Bb7+ 26. Kf4 Re4+  0-1

[Event "87o Campeonato Brasileiro Absoluto Final Aberta"]
[Site "Cuiaba MT"]
[Date "2021.11.03"]
[Round "10"]
[Board "23"]
[White "Souza Dos Santos, Matheus Garcett"]
[Black "Abrantes, Tiago Garrido"]
[Result "1/2-1/2"]
[WhiteElo "1999"]
[BlackElo "2178"]
[PlyCount "59"]
[EventDate "2021.10.28"]
[EventRounds "11"]
[EventCountry "BRA"]

1. e4 e5 2. Nf3 Nc6 3. Bb5 a6 4. Ba4 Nf6 5. Qe2 b5 6. Bb3 Be7 7. c3 d6 8. d4
O-O 9. h3 Bb7 10. d5 Nb8 11. Bg5 Nbd7 12. Bxf6 Nxf6 13. g4 c6 14. dxc6 Bxc6 15.
Nbd2 Qc7 16. O-O-O a5 17. h4 b4 18. c4 a4 19. Bc2 Qb7 20. Nh2 b3 21. axb3 axb3
22. Bb1 d5 23. exd5 Bxd5 24. g5 Rfc8 25. gxf6 Bxc4 26. Nxc4 Ra4 27. Bd3 Ra1+
28. Bb1 Ra4 29. Bd3 Ra1+ 30. Bb1  1/2-1/2

[Event "87o Campeonato Brasileiro Absoluto Final Aberta"]
[Site "Cuiaba MT"]
[Date "2021.11.03"]
[Round "10"]
[Board "24"]
[White "Rocha, Vitor Firmo De Souza"]
[Black "Nemeth Junior, Henrique"]
[Result "1-0"]
[WhiteElo "2176"]
[BlackElo "2056"]
[PlyCount "123"]
[EventDate "2021.10.28"]
[EventRounds "11"]
[EventCountry "BRA"]

1. e4 c5 2. Nf3 e6 3. d4 cxd4 4. Nxd4 Nc6 5. Nb5 d6 6. c4 Nf6 7. N1c3 a6 8. Na3
b6 9. Be2 Bb7 10. O-O Be7 11. Be3 Ne5 12. f4 Ned7 13. Bf3 O-O 14. Qe2 Qc7 15.
Rac1 Rac8 16. g4 h6 17. h4 Nc5 18. Qg2 d5 19. e5 Nfe4 20. cxd5 exd5 21. b4 d4
22. Nxe4 Bxe4 23. Bxe4 dxe3 24. bxc5 Bxc5 25. Qe2 Rfd8 26. Nc4 Rd4 27. Bb1 Rcd8
28. Nxe3 Qc6 29. Qg2 Qa4 30. Rxc5 bxc5 31. Qc2 Qxc2 32. Bxc2 Rb8 33. Bb3 Re4
34. Nc4 Rb4 35. Nd6 Rxf4 36. Bxf7+ Kf8 37. Bc4 Rxf1+ 38. Kxf1 g6 39. Kg2 Ke7
40. Kf3 Rb2 41. Kf4 Rf2+ 42. Kg3 Rd2 43. h5 gxh5 44. gxh5 Rc2 45. Kf4 Rh2 46.
Bf7 c4 47. Bxc4 Rh4+ 48. Kf3 Rxh5 49. Ke4 Rh2 50. Nf5+ Ke8 51. e6 Rb2 52. Ke5
h5 53. Kf6 Rb6 54. Kg7 Rb7+ 55. Kg6 Rb6 56. Kxh5 Kf8 57. Kg6 Rc6 58. Bd5 Rb6
59. Kf6 a5 60. a4 Ra6 61. Bc4 Rc6 62. Bd3  1-0

[Event "87o Campeonato Brasileiro Absoluto Final Aberta"]
[Site "Cuiaba MT"]
[Date "2021.11.03"]
[Round "10"]
[Board "25"]
[White "Almeida, Tiago De"]
[Black "Zallio, Luciano De Souza"]
[Result "0-1"]
[WhiteElo "1943"]
[BlackElo "2163"]
[PlyCount "50"]
[EventDate "2021.10.28"]
[EventRounds "11"]
[EventCountry "BRA"]

1. e4 e6 2. d4 d5 3. exd5 exd5 4. Bd3 Bd6 5. Qf3 Ne7 6. Ne2 Nbc6 7. c3 h6 8.
Bf4 g5 9. Bg3 Bxg3 10. hxg3 Qd6 11. Nd2 Bd7 12. O-O-O O-O-O 13. Qxf7 Rdf8 14.
Qg7 Nf5 15. Bxf5 Bxf5 16. c4 Rh7 17. c5 Qd8 18. Qxh7 Bxh7 19. Rxh6 Bd3 20. Nc3
Rxf2 21. Rdh1 Nxd4 22. Rh8 Rf8 23. Rxf8 Qxf8 24. b4 Qf6 25. Kb2 Ne2  0-1

[Event "87o Campeonato Brasileiro Absoluto Final Aberta"]
[Site "Cuiaba MT"]
[Date "2021.11.03"]
[Round "10"]
[Board "26"]
[White "Zanette, Edgard Vinicius"]
[Black "Custodio, Leandro"]
[Result "1/2-1/2"]
[WhiteElo "2157"]
[BlackElo "1953"]
[PlyCount "37"]
[EventDate "2021.10.28"]
[EventRounds "11"]
[EventCountry "BRA"]

1. e4 Nc6 2. Nf3 d6 3. d4 Nf6 4. Nc3 g6 5. Bb5 a6 6. Bxc6+ bxc6 7. O-O Bg7 8.
h3 Rb8 9. Rb1 O-O 10. Bf4 Nd7 11. Qd2 c5 12. d5 e5 13. Bh6 f5 14. Bxg7 Kxg7 15.
Ng5 Nf6 16. exf5 gxf5 17. b3 Nh5 18. Ne6+ Bxe6 19. dxe6  1/2-1/2

[Event "87o Campeonato Brasileiro Absoluto Final Aberta"]
[Site "Cuiaba MT"]
[Date "2021.11.03"]
[Round "10"]
[Board "27"]
[White "Damasceno, Enzo De Carvalho"]
[Black "Urquiza, Marcello De Albuquerque"]
[Result "1/2-1/2"]
[WhiteElo "1692"]
[BlackElo "2093"]
[PlyCount "57"]
[EventDate "2021.10.28"]
[EventRounds "11"]
[EventCountry "BRA"]

1. c4 c6 2. Nc3 d5 3. cxd5 cxd5 4. d4 Nf6 5. Nf3 Nc6 6. Bf4 a6 7. e3 Bg4 8. Be2
e6 9. O-O Bd6 10. Bxd6 Qxd6 11. Rc1 O-O 12. Na4 Nd7 13. h3 Bxf3 14. Bxf3 Rac8
15. Qd2 Ne7 16. b4 Nb6 17. Nc5 Nc4 18. Qd3 b5 19. e4 Rfd8 20. Nb7 Qxb4 21. Nxd8
Rxd8 22. exd5 Nxd5 23. Bxd5 Rxd5 24. Rb1 Qa5 25. a4 Nd2 26. axb5 Nxb1 27. bxa6
Nd2 28. Rd1 Ne4 29. Qxe4  1/2-1/2

[Event "87o Campeonato Brasileiro Absoluto Final Aberta"]
[Site "Cuiaba MT"]
[Date "2021.11.03"]
[Round "10"]
[Board "28"]
[White "Naief Moreira, Cleber"]
[Black "De Oliveira, Aquiles Machado"]
[Result "1/2-1/2"]
[WhiteElo "1852"]
[BlackElo "2059"]
[PlyCount "68"]
[EventDate "2021.10.28"]
[EventRounds "11"]
[EventCountry "BRA"]

1. e4 c5 2. c3 g6 3. d4 cxd4 4. cxd4 d5 5. exd5 Nf6 6. Bb5+ Nbd7 7. Nc3 a6 8.
Bxd7+ Qxd7 9. Nf3 Nxd5 10. Ne5 Qe6 11. O-O Nxc3 12. bxc3 Bg7 13. Re1 O-O 14.
Ba3 Re8 15. Qa4 b5 16. Qb3 Ra7 17. d5 Qf6 18. Nc6 Rc7 19. Re3 Rxc6 20. dxc6
Qxc6 21. Rxe7 Rxe7 22. Bxe7 Bb7 23. f3 Qxc3 24. Rd1 Bd4+ 25. Kh1 Kg7 26. Bb4
Qxb3 27. axb3 Be5 28. Bd6 Bc3 29. Bc5 a5 30. Bd4+ Bxd4 31. Rxd4 Bc6 32. Rd6 Be8
33. Kg1 h5 34. Kf2 a4  1/2-1/2

[Event "87o Campeonato Brasileiro Absoluto Final Aberta"]
[Site "Cuiaba MT"]
[Date "2021.11.03"]
[Round "10"]
[Board "29"]
[White "Uczai, Joao Pedro Filimberti"]
[Black "Arruda Filho, Ivo Pereira De"]
[Result "1-0"]
[WhiteElo "2058"]
[BlackElo "1718"]
[PlyCount "47"]
[EventDate "2021.10.28"]
[EventRounds "11"]
[EventCountry "BRA"]

1. e4 c5 2. b3 Nf6 3. e5 Nd5 4. Bb2 e6 5. Nf3 Nc6 6. g3 Be7 7. Bg2 b6 8. c4
Ndb4 9. d4 cxd4 10. a3 Na6 11. b4 Nc7 12. Nxd4 Bb7 13. O-O Qc8 14. Nc2 O-O 15.
Nd2 Nb8 16. Ne4 Nc6 17. Ne3 Ne8 18. Ng4 f5 19. exf6 Nxf6 20. Ngxf6+ Bxf6 21.
Bxf6 gxf6 22. Nd6 Qc7 23. Nxb7 d5 24. cxd5  1-0

[Event "87o Campeonato Brasileiro Absoluto Final Aberta"]
[Site "Cuiaba MT"]
[Date "2021.11.03"]
[Round "10"]
[Board "30"]
[White "Carstens Dobuchak, Thiago"]
[Black "Pomar, Marcelo Nascimento"]
[Result "1/2-1/2"]
[WhiteElo "2179"]
[BlackElo "1947"]
[PlyCount "81"]
[EventDate "2021.10.28"]
[EventRounds "11"]
[EventCountry "BRA"]

1. e4 e5 2. Nf3 Nc6 3. Nc3 Nf6 4. Be2 Bb4 5. Nd5 Bc5 6. c3 d6 7. a4 a6 8. b4
Bb6 9. Nxb6 cxb6 10. d3 h6 11. O-O O-O 12. Bb2 Ne7 13. Qb1 Ng6 14. d4 Bg4 15.
g3 Qe7 16. Re1 Rfe8 17. Nd2 Bxe2 18. Rxe2 Qe6 19. Qe1 Rac8 20. f3 h5 21. d5 Qd7
22. Nf1 Ne7 23. Bc1 b5 24. axb5 Qxb5 25. Ra5 Qd3 26. Re3 Qc2 27. Qd2 Qxd2 28.
Bxd2 Nd7 29. Re1 Nb6 30. Ne3 Nc4 31. Nxc4 Rxc4 32. Ra3 f5 33. Kf2 fxe4 34. fxe4
Nc8 35. Ke3 Nb6 36. Kd3 Rc7 37. Ra2 Rf8 38. Be3 Nc4 39. Bg1 Rf3+ 40. Kc2 g5 41.
Kb3  1/2-1/2

[Event "87o Campeonato Brasileiro Absoluto Final Aberta"]
[Site "Cuiaba MT"]
[Date "2021.11.03"]
[Round "10"]
[Board "31"]
[White "Nogueira, Ivan Kuhlmann"]
[Black "Farias, Igor Borge Cardoso"]
[Result "0-1"]
[WhiteElo "2237"]
[BlackElo "1889"]
[PlyCount "58"]
[EventDate "2021.10.28"]
[EventRounds "11"]
[EventCountry "BRA"]

1. e4 c5 2. d4 cxd4 3. c3 dxc3 4. Nxc3 d6 5. Nf3 Nc6 6. Bc4 e6 7. O-O Be7 8.
Qe2 a6 9. Rd1 Qc7 10. Bf4 Nf6 11. h3 O-O 12. e5 dxe5 13. Nxe5 Bd6 14. Rxd6 Qxd6
15. Rd1 Qc5 16. Na4 Qa5 17. Nxc6 bxc6 18. Bb3 Rd8 19. Bd2 Qh5 20. f3 e5 21. Rc1
e4 22. Rc5 exf3 23. Qe7 f2+ 24. Kf1 Bf5 25. Ba5 Bd3+ 26. Kxf2 Qh4+ 27. Kg1 Rd7
28. Bxf7+ Kh8 29. Qe3 Qxa4  0-1

[Event "87o Campeonato Brasileiro Absoluto Final Aberta"]
[Site "Cuiaba MT"]
[Date "2021.11.03"]
[Round "10"]
[Board "32"]
[White "Ribeiro, Matheus Mendes Domingues"]
[Black "Nunes, Gustavo Morais"]
[Result "1-0"]
[WhiteElo "2177"]
[BlackElo "1819"]
[PlyCount "103"]
[EventDate "2021.10.28"]
[EventRounds "11"]
[EventCountry "BRA"]

1. c4 Nf6 2. Nc3 e6 3. e4 d6 4. d4 e5 5. dxe5 dxe5 6. Qxd8+ Kxd8 7. Bg5 c6 8.
O-O-O+ Kc7 9. Nf3 Nbd7 10. a3 a5 11. Rd2 Bd6 12. Bd3 Re8 13. Rhd1 b6 14. Bc2
Bf8 15. Re2 Ng8 16. Be3 Bc5 17. Bxc5 Nxc5 18. b4 axb4 19. axb4 Nb7 20. Red2 f6
21. b5 Nc5 22. bxc6 Ra1+ 23. Kb2 Rxd1 24. Rxd1 Ne7 25. Nb5+ Kxc6 26. Rd6+ Kb7
27. Rxf6 gxf6 28. Nd6+ Kc6 29. Nxe8 Ng8 30. Ng7 b5 31. cxb5+ Kxb5 32. Kc3 Bb7
33. Nf5 Kb6 34. Nd2 Bc8 35. Ne3 Be6 36. Nd5+ Kc6 37. Ne3 Kd6 38. f3 Ke7 39. Bb3
Nh6 40. g3 Bxb3 41. Nxb3 Ne6 42. h4 Ng7 43. g4 Ne6 44. Nd2 Nf4 45. Nd5+ Nxd5+
46. exd5 f5 47. g5 Ng8 48. Nc4 Kd7 49. Nxe5+ Kd6 50. Kd4 Ne7 51. Nc4+ Kd7 52.
h5  1-0

[Event "87o Campeonato Brasileiro Absoluto Final Aberta"]
[Site "Cuiaba MT"]
[Date "2021.11.03"]
[Round "10"]
[Board "33"]
[White "Luz, Arthur Nader"]
[Black "Aoyama, Edmundo"]
[Result "1-0"]
[WhiteElo "2149"]
[BlackElo "1824"]
[PlyCount "41"]
[EventDate "2021.10.28"]
[EventRounds "11"]
[EventCountry "BRA"]

1. e4 c5 2. Nc3 Nc6 3. g3 Nf6 4. Bg2 g6 5. Nge2 Bg7 6. d3 d6 7. O-O O-O 8. Bg5
a6 9. a3 Qc7 10. Qd2 e6 11. Rab1 Bd7 12. b4 cxb4 13. axb4 Na7 14. Nd1 Rfc8 15.
c3 Bc6 16. Ne3 Nd7 17. Ng4 Nb5 18. Nh6+ Kf8 19. c4 Nd4 20. Nxd4 Bxd4 21. b5  1-0

[Event "87o Campeonato Brasileiro Absoluto Final Aberta"]
[Site "Cuiaba MT"]
[Date "2021.11.03"]
[Round "10"]
[Board "34"]
[White "Dos Anjos, Avner Augusto"]
[Black "Lage, Pedro Ferreira"]
[Result "0-1"]
[WhiteElo "1923"]
[BlackElo "2144"]
[PlyCount "36"]
[EventDate "2021.10.28"]
[EventRounds "11"]
[EventCountry "BRA"]

1. d4 d5 2. Bf4 Nf6 3. e3 c5 4. c3 Nc6 5. Nd2 Qb6 6. Qb3 c4 7. Qc2 g6 8. f3 Bg7
9. Ne2 O-O 10. Ng3 Re8 11. O-O-O Qa5 12. Kb1 b5 13. e4 e5 14. dxe5 Nxe5 15. Bg5
d4 16. cxd4 Nc6 17. Nxc4 bxc4 18. Bxc4 Qxg5  0-1

[Event "87o Campeonato Brasileiro Absoluto Final Aberta"]
[Site "Cuiaba MT"]
[Date "2021.11.03"]
[Round "10"]
[Board "35"]
[White "Pessoa, Marcio De Souza"]
[Black "Almeida Junior, Alvaro Alves De"]
[Result "0-1"]
[WhiteElo "1818"]
[BlackElo "2106"]
[PlyCount "98"]
[EventDate "2021.10.28"]
[EventRounds "11"]
[EventCountry "BRA"]

1. d4 Nf6 2. Bf4 d5 3. Nf3 c5 4. e3 Nc6 5. c3 Qb6 6. b3 Bg4 7. Be2 e6 8. h3 Bh5
9. Nbd2 Rc8 10. O-O Be7 11. Re1 O-O 12. a3 cxd4 13. exd4 Na5 14. b4 Bxf3 15.
Bxf3 Nc4 16. Nxc4 Rxc4 17. Qd3 Rfc8 18. Rec1 Qc6 19. Bd2 Bd6 20. Qe3 Qd7 21.
Be2 R4c7 22. Bd3 Qe7 23. f4 Nd7 24. Rf1 Nb6 25. Qf3 g6 26. Rae1 Qf6 27. Qg4 h5
28. Qd1 Rxc3 29. Bxc3 Rxc3 30. Bb1 Bxf4 31. Rf3 Rxf3 32. Qxf3 Qxd4+ 33. Qf2
Qxf2+ 34. Kxf2 Nc4 35. g3 Bd6 36. Re2 Nxa3 37. Bxg6 Bxb4 38. Bxh5 Bc5+ 39. Ke1
b5 40. Rb2 b4 41. Bd1 a5 42. Ke2 Nb5 43. Kd3 Nc3 44. Bc2 a4 45. Bb1 a3 46. Rb3
Nxb1 47. Rxb1 a2 48. Ra1 b3 49. Kc3 Bd4+  0-1

[Event "87o Campeonato Brasileiro Absoluto Final Aberta"]
[Site "Cuiaba MT"]
[Date "2021.11.03"]
[Round "10"]
[Board "37"]
[White "Lima, Carlos Eduardo I De Araujo"]
[Black "Dos Santos, Clecio Franca"]
[Result "1/2-1/2"]
[WhiteElo "1815"]
[BlackElo "2031"]
[PlyCount "120"]
[EventDate "2021.10.28"]
[EventRounds "11"]
[EventCountry "BRA"]

1. d4 Nf6 2. Nf3 g6 3. e3 Bg7 4. Bd3 d6 5. O-O O-O 6. b3 Nbd7 7. Bb2 e5 8. Nbd2
Re8 9. e4 exd4 10. Bxd4 a6 11. a4 b6 12. Re1 Bb7 13. Re2 Nc5 14. Qe1 Nxd3 15.
cxd3 Qd7 16. Nf1 c5 17. Bb2 d5 18. e5 Nh5 19. d4 Nf4 20. Rd2 Bh6 21. Ne3 Ne6
22. Rad1 Nc7 23. h3 Rad8 24. Ng4 Bg7 25. Re2 Qe7 26. Re3 Kh8 27. Qc3 c4 28.
bxc4 dxc4 29. Qxc4 Nd5 30. Rb3 Rc8 31. Qe2 h5 32. Ngh2 Bh6 33. g3 Qe6 34. Rbd3
Qxh3 35. Qf1 Qf5 36. Nh4 Qd7 37. f4 Rc2 38. R1d2 Rec8 39. Qe2 R2c6 40. f5 Bxd2
41. Qxd2 Kh7 42. Qg5 Qe7 43. f6 Qb4 44. Nf5 Kg8 45. Qh6 Qf8 46. Ng7 Nxf6 47.
exf6 Rxf6 48. d5 Qc5+ 49. Qe3 Qxe3+ 50. Rxe3 Rd6 51. Ne8 Rdd8 52. Nf6+ Kf8 53.
d6 Rc2 54. d7 Kg7 55. Bd4 Rc4 56. Bxb6 Rc1+ 57. Kf2 Rc2+ 58. Re2 Rxe2+ 59. Kxe2
Kxf6 60. Bxd8+ Ke6  1/2-1/2

[Event "87o Campeonato Brasileiro Absoluto Final Aberta"]
[Site "Cuiaba MT"]
[Date "2021.11.03"]
[Round "10"]
[Board "38"]
[White "Rodrigues Mota, Romulo Cardoso S"]
[Black "Dantas, Neimar De Oliveira"]
[Result "1/2-1/2"]
[WhiteElo "1759"]
[BlackElo "2030"]
[PlyCount "78"]
[EventDate "2021.10.28"]
[EventRounds "11"]
[EventCountry "BRA"]

1. e4 c5 2. Nf3 Nc6 3. d4 cxd4 4. Nxd4 e5 5. Nb5 d6 6. N1c3 a6 7. Na3 b5 8. Nd5
Nf6 9. c4 b4 10. Nc2 a5 11. a3 b3 12. Nce3 Nd4 13. Bd3 Be7 14. O-O O-O 15. f4
a4 16. Bd2 Nxd5 17. Nxd5 f5 18. fxe5 dxe5 19. Nxe7+ Qxe7 20. Bb4 Qg5 21. Bxf8
Kxf8 22. exf5 Bb7 23. Rf2 Rd8 24. Qb1 Nf3+ 25. Kh1 Nd2 26. Qe1 Rxd3 27. Rd1 Ne4
28. Rxd3 Nxf2+ 29. Qxf2 Qc1+ 30. Qg1 Bxg2+ 31. Kxg2 Qc2+ 32. Qf2 Qxd3 33. Qc5+
Kf7 34. Qxe5 Qxc4 35. Kf3 Qf1+ 36. Ke4 Qg2+ 37. Kd3 Qc2+ 38. Ke3 Qc1+ 39. Ke4
Qc4+  1/2-1/2

[Event "87o Campeonato Brasileiro Absoluto Final Aberta"]
[Site "Cuiaba MT"]
[Date "2021.11.03"]
[Round "10"]
[Board "39"]
[White "Cella, Glaucio Dalla Cortt"]
[Black "Lima, Vinicius Taishun"]
[Result "0-1"]
[WhiteElo "1961"]
[BlackElo "1788"]
[PlyCount "74"]
[EventDate "2021.10.28"]
[EventRounds "11"]
[EventCountry "BRA"]

1. e4 c5 2. Nf3 Nc6 3. c3 Nf6 4. e5 Nd5 5. Bc4 Nb6 6. Bb3 g6 7. d4 cxd4 8. cxd4
d5 9. Be3 Bg7 10. h3 O-O 11. Qc1 Re8 12. Bh6 Bh8 13. Nc3 Bf5 14. g4 Be6 15. Qe3
Na5 16. Ng5 Nbc4 17. Qe2 Qb6 18. Nxe6 fxe6 19. Bxc4 Nxc4 20. O-O-O Rac8 21. f4
Bg7 22. Bxg7 Kxg7 23. Rd3 Rf8 24. Rf1 a5 25. b3 Na3 26. Qb2 Nb5 27. Kb1 Nxc3+
28. Rxc3 Qxd4 29. Rxc8 Qd3+ 30. Qc2 Qxf1+ 31. Kb2 Rxf4 32. Qc7 Rf7 33. Re8 Qf2+
34. Ka3 Qf4 35. Qxa5 Qc1+ 36. Ka4 Rf4+ 37. b4 Qc2+  0-1

[Event "87o Campeonato Brasileiro Absoluto Final Aberta"]
[Site "Cuiaba MT"]
[Date "2021.11.03"]
[Round "10"]
[Board "42"]
[White "Andrade, Roberto Luiz Costa"]
[Black "Fontoura, Alexandre Souza"]
[Result "1-0"]
[WhiteElo "2060"]
[BlackElo "1873"]
[PlyCount "27"]
[EventDate "2021.10.28"]
[EventRounds "11"]
[EventCountry "BRA"]

1. e4 c6 2. d4 g6 3. Nc3 Bg7 4. Nf3 d6 5. Be2 Nd7 6. Bg5 Qa5 7. O-O e5 8. Qd2
Ndf6 9. dxe5 dxe5 10. Qd6 Be6 11. Rfd1 Bf8 12. Qxe5 Qxe5 13. Nxe5 Nxe4 14. Nxe4
 1-0

[Event "87o Campeonato Brasileiro Absoluto Final Aberta"]
[Site "Cuiaba MT"]
[Date "2021.11.03"]
[Round "10"]
[Board "43"]
[White "Ribeiro Carrico, Victor Hugo"]
[Black "De Andrade, Dalson Holanda Caval"]
[Result "0-1"]
[WhiteElo "1791"]
[BlackElo "2000"]
[PlyCount "60"]
[EventDate "2021.10.28"]
[EventRounds "11"]
[EventCountry "BRA"]

1. e4 c5 2. Nf3 d6 3. d4 cxd4 4. Nxd4 Nf6 5. Nc3 a6 6. Be2 e6 7. O-O Be7 8. Be3
Qc7 9. f4 b5 10. Bf3 Bb7 11. Qd3 Nbd7 12. Nb3 O-O 13. g4 Nc5 14. Nxc5 dxc5 15.
g5 Rfd8 16. Qe2 Nd7 17. f5 b4 18. fxe6 fxe6 19. Na4 Ne5 20. Bg2 Bc6 21. b3 Bb5
22. Qh5 g6 23. Qh3 Bxf1 24. Qxe6+ Kh8 25. Rxf1 Rf8 26. Nb6 Rxf1+ 27. Bxf1 Nf3+
28. Kf2 Rf8 29. Ke2 Qxh2+ 30. Kd1 Nxg5  0-1

[Event "87o Campeonato Brasileiro Absoluto Final Aberta"]
[Site "Cuiaba MT"]
[Date "2021.11.03"]
[Round "10"]
[Board "44"]
[White "Castro Silva, Alex"]
[Black "Moyses Sobrinho, Elias"]
[Result "0-1"]
[WhiteElo "1961"]
[BlackElo "1858"]
[PlyCount "51"]
[EventDate "2021.10.28"]
[EventRounds "11"]
[EventCountry "BRA"]

1. e4 d5 2. exd5 Nf6 3. d4 Nxd5 4. Nf3 Bf5 5. Be2 e6 6. a3 Nc6 7. O-O Be7 8. c4
Nb6 9. Nc3 O-O 10. Bf4 Bf6 11. Be5 Bxe5 12. dxe5 a6 13. b4 Qxd1 14. Rfxd1 Rfd8
15. b5 Na5 16. bxa6 bxa6 17. c5 Nbc4 18. c6 h6 19. Rd7 Kf8 20. Rad1 Ke8 21.
R7d4 Nb6 22. Bxa6 Nxc6 23. Bb7 Nxd4 24. Bxa8 Nxf3+ 25. Bxf3 Rxd1+ 26. Bxd1 {
ilegÃƒ^^vel}  0-1

[Event "87o Campeonato Brasileiro Absoluto Final Aberta"]
[Site "Cuiaba MT"]
[Date "2021.11.03"]
[Round "10"]
[Board "45"]
[White "Da Rosa, Henrique Jaze Simoes"]
[Black "Okamura, Milton Kasuo"]
[Result "0-1"]
[WhiteElo "1788"]
[BlackElo "1937"]
[PlyCount "88"]
[EventDate "2021.10.28"]
[EventRounds "11"]
[EventCountry "BRA"]

1. Nf3 d5 2. c4 c6 3. g3 Nf6 4. Bg2 e6 5. O-O dxc4 6. a4 Na6 7. Qc2 Qd5 8. Na3
Bxa3 9. Rxa3 O-O 10. Re3 Nb4 11. Qc3 Qc5 12. d4 Qd6 13. Qxc4 a5 14. Rb3 Nfd5
15. e4 Nb6 16. Qe2 Nxa4 17. Bf4 Qe7 18. Ra1 b5 19. Ne5 Bb7 20. h4 Rfd8 21. Rd1
Nb6 22. Qg4 Nd7 23. Bh6 f5 24. exf5 Nxe5 25. dxe5 Rxd1+ 26. Qxd1 gxh6 27. f6
Qf7 28. Qd2 Nd5 29. Qxh6 a4 30. Rf3 b4 31. Bh3 Bc8 32. Qc1 Bd7 33. Bg4 Kh8 34.
Kg2 Qf8 35. f7 a3 36. bxa3 bxa3 37. Bxe6 a2 38. Bxd5 a1=Q 39. Qf4 cxd5 40. Qf6+
Qg7 41. Qd6 Rf8 42. e6 Bxe6 43. Qxe6 Qae5 44. Qd7 Qe4  0-1

[Event "87o Campeonato Brasileiro Absoluto Final Aberta"]
[Site "Cuiaba MT"]
[Date "2021.11.03"]
[Round "10"]
[Board "46"]
[White "Jorge, Denrick Cabral Jose"]
[Black "Ribeiro, Fabiano Pinto"]
[Result "1/2-1/2"]
[WhiteElo "1927"]
[BlackElo "1831"]
[PlyCount "126"]
[EventDate "2021.10.28"]
[EventRounds "11"]
[EventCountry "BRA"]

1. e4 c5 2. b3 d6 3. Bb2 Nf6 4. Nc3 Nc6 5. Bb5 Bd7 6. f4 a6 7. Bxc6 Bxc6 8. Qe2
b5 9. e5 dxe5 10. fxe5 Nd5 11. Nxd5 Qxd5 12. Nf3 Qe4 13. Qxe4 Bxe4 14. e6 f6
15. Kf2 g6 16. Rhe1 Bd5 17. Rad1 Bh6 18. d3 O-O 19. c4 Bb7 20. d4 cxd4 21. Rxd4
bxc4 22. Rd7 Bxf3 23. Kxf3 cxb3 24. axb3 Rfb8 25. Rd3 a5 26. Ba3 Bf8 27. Rc1
Ra6 28. Rc5 Rxe6 29. Rxa5 Reb6 30. b4 e5 31. Rd7 R6b7 32. Rxb7 Rxb7 33. Ra4 f5
34. h3 Kf7 35. Ke2 Ke6 36. Kd3 e4+ 37. Kc4 f4 38. Bb2 Rc7+ 39. Kb3 e3 40. b5
Bd6 41. Bc3 Kf5 42. b6 Rc6 43. Ra5+ Ke6 44. Rb5 e2 45. Bd2 Kd7 46. b7 Bb8 47.
Rb4 g5 48. h4 h6 49. Re4 Re6 50. Rxe6 Kxe6 51. hxg5 hxg5 52. Kc3 g4 53. Kd3 f3
54. gxf3 g3 55. Kxe2 Kd5 56. f4 Kc6 57. f5 Kxb7 58. Kf3 Kc6 59. Be1 g2 60. Kxg2
Kd5 61. Kf3 Ke5 62. Kg4 Kf6 63. Bc3+ Kf7  1/2-1/2